Statistiques concernant Pays d'Amérique du nord à l'aveugle

Cliquez ici pour prendre le quiz!

Statistiques générales

  • Ce quiz a été pris 69 fois
  • Le résultat moyen est 18 sur 23

Statistiques - réponses

Réponse% Correct
Canada
100%
Etats-Unis
100%
Mexique
97%
Cuba
88%
Panama
88%
Haïti
85%
Jamaïque
85%
République Dominicaine
83%
Belize
80%
Costa Rica
80%
Guatemala
80%
Nicaragua
80%
Honduras
77%
Salvador
77%
Dominique
76%
Barbade
74%
Sainte-Lucie
74%
Saint-Christophe-et-Niévès
73%
Saint-Vincent et les Grenadines
70%
Bahamas
68%
Trinité-et-Tobago
67%
Antigua et Barbuda
65%
Grenade
64%

Distribution des résultats

Percentile par nombre de réponses

% des personnes avec chaque résultat

Votre développement - résultats

Vous n’avez pas pris ce quiz